[Event "Maastricht Limburg op-B 6th"]
[Site "Maastricht"]
[Date "2012.05.28"]
[Round "7"]
[White "Erin, Igor"]
[Black "Yue, Tim"]
[Result "0-1"]
[WhiteElo "1748"]
[BlackElo "1931"]
[PlyCount "102"]
[EventDate "2012.05.25"]
[EventType "swiss"]
[EventRounds "7"]
[EventCountry "NED"]
[SourceTitle "EXT 2013"]
[Source "ChessBase"]
[SourceDate "2012.11.22"]
[SourceVersion "1"]
[SourceVersionDate "2012.11.22"]
[SourceQuality "1"]

1. d4 Nf6 2. c4 g6 3. Nf3 Bg7 4. Nc3 d6 5. e4 0-0 6. Be2 e5 7. 0-0 Nc6 8. d5 Ne7 9. Qc2 Nh5 10. Ng5 Nf4 11. Bxf4 exf4 12. h4 h6 13. Nf3 f6 14. Nb5 g5 15. hxg5 fxg5 16. c5 a6 17. cxd6 axb5 18. dxe7 Qxe7 19. Nh2 Ra6 20. Bxb5 Rg6 21. Bc4 Kh8 22. Bd3 g4 23. e5 Rg5 24. e6 Rh5 25. g3 Qg5 26. Bg6 fxg3 27. fxg3 Bd4+ 28. Kh1 Qxd5+ 29. Qe4 Rxf1+ 30. Rxf1 Bxe6 31. Rf4 Qxe4+ 32. Bxe4 Be5 33. Rf8+ Kg7 34. Re8 Bf7 35. Rxe5 Rxe5 36. Bxb7 Re1+ 37. Kg2 Re2+ 38. Kg1 Rxb2 39. Bc6 h5 40. a4 Ra2 41. Nf1 Bb3 42. Be8 Kh6 43. Ne3 Bxa4 44. Bf7 Re2 45. Nf5+ Kg5 46. Nd4 Rd2 47. Ne6+ Kf6 48. Nc5 Kxf7 49. Nxa4 Rc2 50. Kf1 h4 51. gxh4 g3 0-1

[Event "Maastricht Limburg op-B 6th"]
[Site "Maastricht"]
[Date "2012.05.28"]
[Round "6"]
[White "Sterck, Arno"]
[Black "Erin, Igor"]
[Result "1/2-1/2"]
[WhiteElo "1811"]
[BlackElo "1748"]
[PlyCount "83"]
[EventDate "2012.05.25"]
[EventType "swiss"]
[EventRounds "7"]
[EventCountry "NED"]
[SourceTitle "EXT 2013"]
[Source "ChessBase"]
[SourceDate "2012.11.22"]
[SourceVersion "1"]
[SourceVersionDate "2012.11.22"]
[SourceQuality "1"]

1. e4 e6 2. d4 d5 3. exd5 exd5 4. c4 Nf6 5. Nc3 Bb4 6. Nf3 0-0 7. Be2 Nc6 8. 0-0 h6 9. a3 Bxc3 10. bxc3 Ne4 11. Bb2 Bf5 12. cxd5 Qxd5 13. c4 Qd7 14. Bd3 Nd6 15. d5 Ne7 16. Ne5 Qc8 17. c5 Ne8 18. Rc1 Qd8 19. Bc4 Ng6 20. Qf3 Qg5 21. Nxg6 Qxg6 22. Rfe1 Nf6 23. Re7 Bg4 24. Qf4 Rad8 25. Bxf6 gxf6 26. Rxc7 Rde8 27. Bf1 Re4 28. Qg3 Qg5 29. Rb1 h5 30. f3 h4 31. Qf2 Rf4 32. Be2 Qxd5 33. Rcxb7 Rc8 34. R7b4 Rxb4 35. axb4 Bf5 36. Rf1 Qd2 37. Rd1 Qxb4 38. c6 Rxc6 39. Qxa7 Rc2 40. Qe3 Qb2 41. Kf1 Kg7 42. Re1 1/2-1/2

[Event "Maastricht Limburg op-B 4th"]
[Site "Maastricht"]
[Date "2010.05.24"]
[Round "6"]
[White "Erin, Igor"]
[Black "Camps, Jeroen"]
[Result "1-0"]
[WhiteElo "1794"]
[BlackElo "1849"]
[PlyCount "73"]
[EventDate "2010.05.21"]
[EventType "swiss"]
[EventRounds "7"]
[EventCountry "NED"]
[SourceTitle "EXT 2011"]
[Source "ChessBase"]
[SourceDate "2010.11.26"]
[SourceVersion "1"]
[SourceVersionDate "2010.11.26"]
[SourceQuality "1"]

1. g3 c5 2. Bg2 Nc6 3. d3 e6 4. Nf3 b5 5. 0-0 Bb7 6. c4 bxc4 7. dxc4 Nf6 8. Nc3 Be7 9. Bf4 0-0 10. Bd6 Bxd6 11. Qxd6 Qb6 12. Na4 Qb4 13. b3 Ne4 14. Qd3 d5 15. a3 Qa5 16. cxd5 exd5 17. Qxd5 Nd8 18. Qc4 Ne6 19. Rfd1 Nf6 20. Rd6 Bd5 21. Rxd5 Nxd5 22. Qxd5 Rfd8 23. Qc4 Rac8 24. Bh3 Rc6 25. Bxe6 Rxe6 26. Nxc5 Rc6 27. b4 Qc7 28. Qe4 h6 29. e3 Rf6 30. Nd4 Qc8 31. Rc1 Re8 32. Qb7 Qxb7 33. Nxb7 Rb8 34. Rc7 a6 35. Nc5 Rd8 36. Ra7 Rdd6 37. Ne4 1-0

[Event "Maastricht Limburg op-B 4th"]
[Site "Maastricht"]
[Date "2010.05.21"]
[Round "1"]
[White "De Wit, Albert"]
[Black "Erin, Igor"]
[Result "1-0"]
[WhiteElo "1955"]
[BlackElo "1794"]
[PlyCount "53"]
[EventDate "2010.05.21"]
[EventType "swiss"]
[EventRounds "7"]
[EventCountry "NED"]
[SourceTitle "EXT 2011"]
[Source "ChessBase"]
[SourceDate "2010.11.26"]
[SourceVersion "1"]
[SourceVersionDate "2010.11.26"]
[SourceQuality "1"]

1. e4 g6 2. d4 Bg7 3. Nc3 d6 4. Be3 Nf6 5. Qd2 Ng4 6. Bg5 h6 7. Bh4 0-0 8. f4 c6 9. Nf3 b5 10. e5 dxe5 11. fxe5 h5 12. a4 b4 13. Ne4 a5 14. Bc4 Nd7 15. e6 Nb6 16. exf7+ Kh8 17. Bb3 Nd5 18. Neg5 Qd6 19. Bg3 Qd8 20. Nh4 Bf5 21. 0-0 Bh6 22. Rxf5 gxf5 23. Nxf5 Nde3 24. Nxh6 e5 25. Qxe3 Qxd4 26. Qxd4 exd4 27. Nxg4 1-0